| 000 | 00770nam a22002177a 4500 | ||
|---|---|---|---|
| 999 |
_c14378 _d14378 |
||
| 003 | AR-CdUCM | ||
| 008 | 190423b ||||| |||| 00| 0 spa d | ||
| 040 |
_aMUNICIPALIDAD PROVINCIAL DEL CUSCO _cBIBLIOTECA MUNICIPAL DEL CUSCO |
||
| 082 |
_a869.56 / _bF65 / 1965 |
||
| 100 |
_aFlorian, Mario _914609 |
||
| 245 |
_aPedro Palana : _b(La multitud eterna del Perú) / |
||
| 260 |
_aLima : _bCia, _c1965. |
||
| 300 |
_aIX páginas ; _c25 cm. |
||
| 500 | _aDedicatoria a Luis Nieto. | ||
| 505 | _aPedro Palana , te saluda -- La tempestad primera, los temblores -- La dulce calavera te recuerda -- Soledad total del hombre de piedra ... | ||
| 650 |
_aPoemas _9929 |
||
| 650 |
_aLimeña _914921 |
||
| 650 |
_aSiglo XX _98 |
||
| 942 |
_2ddc _cLIBROS |
||
| 945 |
_arah _d23/04/2019 |
||